• 首页
  • 本馆介绍
  • 公告通知
  • 最新文献
  • 馆藏检索
  • 电子资源
  • 读者导购
  • 参考咨询
  • 我的图书馆
  • 登录
  • 详细信息显示
  • 放入我的书架
  • 预约/预借图书
  • 作者相关作品
  • 分类相关作品
  • 丛书相关作品
  • 出版社相关作品

书目信息

  • 表格格式
  • 工作单格式
  • 卡片格式
题名:
开滦煤矿档案史料集
    
 
作者: 李保平 , 邓子平 , 韩小白 主编
分册: 3   附录编
出版信息: 石家庄   河北教育出版社  2012
页数: 1141-1753页
开本: 26cm
丛书名:
单 册:
中图分类: F426.21
科图分类:
主题词: 煤矿--档案资料--唐山--1876-1912--汇编 , 煤矿 , 档案资料
电子资源:
ISBN: 978-7-5434-9807-5
000 01327nam0 2200313 450
000 01290nam0 2200301 450
000 01350nam0 2200301 45
001 0182000101
005 20150323082013.06
010    @a978-7-5434-9807-5@b精装@dCNY196.68
100    @a20130425d2012 em y0chiy50 ea
101 0  @achi
102    @aCN@b130000
105    @aa z 000yy
106    @ar
200 1  @a开滦煤矿档案史料集@9kai luan mei kuang dang an shi liao ji@e一八七六-一九一二@h3@i附录编@f李保平,邓子平,韩小白主编
210    @a石家庄@c河北教育出版社@d2012
215    @a1141-1753页@c照片@d26cm
330    @a本书共分三卷,从现存的1878~1912年间的4万多卷历史档案资料中遴选出汇编而成。包括文件、信函、电报、簿册、报告、计划、合同契约、规章规程、会议记录等,真实、全面地反映了这一历史时期开滦成立及其发展的历史,具有极高的历史资料价值,填补了我国出版的空白,对于推动清史编纂乃至中国近代史的研究,均将发挥重要、不可替代的作用。
606 0  @a煤矿@x档案资料@y唐山@z1876-1912@j汇编
606 0  @a煤矿
606 0  @a档案资料
690    @aF426.21@v5
701  0 @a李保平@9li bao ping@c(编辑)@4主编
701  0 @a邓子平@9deng zi ping@f(1948~)@4主编
701  0 @a韩小白@9han xiao bai@f(1953~)@4主编
801  0 @aCN@b91MARC@c20130904
905    @b0847772@dF426.21@e140:3@f1
    
    开滦煤矿档案史料集:一八七六-一九一二.3.附录编/李保平,邓子平,韩小白主编.-石家庄:河北教育出版社,2012
    1141-1753页:照片;26cm
    
    
    ISBN 978-7-5434-9807-5(精装):CNY196.68
    本书共分三卷,从现存的1878~1912年间的4万多卷历史档案资料中遴选出汇编而成。包括文件、信函、电报、簿册、报告、计划、合同契约、规章规程、会议记录等,真实、全面地反映了这一历史时期开滦成立及其发展的历史,具有极高的历史资料价值,填补了我国出版的空白,对于推动清史编纂乃至中国近代史的研究,均将发挥重要、不可替代的作用。
●
相关链接 在E读中查询图书 在五车中查询图书 在当当中查询图书 在豆瓣中查询图书


正题名:开滦煤矿档案史料集     索取号:F426.21/140:3         预约/预借

序号 登录号 条形码 馆藏地/架位号 状态 备注
1 0847772   208477726   地方文献典藏中心/ [索取号:F426.21/140:3] 在馆    
唐山师范学院图书馆 欢迎您!
大连网信软件有限公司© 版权所有